| Tag |
First Indicator |
Second Indicator |
Subfields |
| LEADER |
00000pam a2200000 a 4500 |
| 001 |
in00000097632 |
| 005 |
20150924085322.0 |
| 008 |
800523c1981 nyu b 00110 engm |
| 010 |
|
|
|a 80017260
|
| 020 |
|
|
|a 0816404755
|
| 020 |
|
|
|a 081642327X (pbk.)
|
| 035 |
|
|
|a (OCoLC)06421881
|
| 035 |
|
|
|9 AAK9256AM
|
| 040 |
|
|
|a DLC
|c DLC
|d m.c.
|d TXA
|d UtOrBLW
|
| 049 |
|
|
|a TXAM
|c [1362712]
|
| 050 |
0 |
0 |
|a BL80.2
|b K56 1981
|
| 082 |
0 |
|
|a 291.4/2
|
| 100 |
1 |
|
|a King, Ursula.
|
| 245 |
1 |
0 |
|a Towards a new mysticism :
|b Teilhard de Chardin and Eastern religions /
|c Ursula King.
|
| 264 |
|
1 |
|a New York :
|b Seabury Press,
|c 1981
|
| 264 |
|
4 |
|c ©1980
|
| 300 |
|
|
|a 318 pages ;
|c 22 cm.
|
| 336 |
|
|
|a text
|b txt
|2 rdacontent
|
| 337 |
|
|
|a unmediated
|b n
|2 rdamedia
|
| 338 |
|
|
|a volume
|b nc
|2 rdacarrier
|
| 500 |
|
|
|a Includes index.
|
| 504 |
|
|
|a Bibliography: pages 293-306.
|
| 600 |
1 |
0 |
|a Teilhard de Chardin, Pierre.
|
| 650 |
|
0 |
|a Religions.
|
| 650 |
|
0 |
|a Mysticism.
|
| 999 |
|
|
|a MARS
|
| 999 |
f |
f |
|s 3cd505da-e56a-300b-801f-2109a92536cf
|i a5a3c90e-5a1e-31b3-9914-50f3179d6287
|t 0
|
| 952 |
f |
f |
|p ric
|a Texas A&M University
|b Rellis Campus
|c Joint Library Facility
|d Remote Storage
|t 0
|e BL80.2 K56 1981
|h Library of Congress classification
|i unmediated -- volume
|m A14806017167
|
| 998 |
f |
f |
|a BL80.2 K56 1981
|t 0
|l Remote Storage
|